Cliquez pour recoller les formes de pays #1 - Statistiques

Statistiques générales
  • Ce quiz a été pris 2 831 fois
  • Le résultat moyen est 9 sur 25
Statistiques - réponses
Hint Extra Hint Explanation Réponse % Correct
Cliquez sur la moitié manquante Mexique
76%
Cliquez sur la moitié manquante Australie
64%
Cliquez sur la moitié manquante Islande
62%
Cliquez sur la moitié manquante Grèce
54%
Cliquez sur la moitié manquante Turquie
53%
Cliquez sur la moitié manquante Haïti
49%
Cliquez sur la moitié manquante Cuba
47%
Cliquez sur la moitié manquante Papouasie-Nouvelle-Guinée
44%
Cliquez sur la moitié manquante Espagne
44%
Cliquez sur la moitié manquante Bangladesh
42%
Cliquez sur la moitié manquante Mongolie
41%
Cliquez sur la moitié manquante Algerie
39%
Cliquez sur la moitié manquante Chypre
39%
Cliquez sur la moitié manquante Irlande
38%
Cliquez sur la moitié manquante Ukraine
36%
Cliquez sur la moitié manquante Panama
33%
Cliquez sur la moitié manquante Autriche
31%
Cliquez sur la moitié manquante Corée du Sud
24%
Cliquez sur la moitié manquante Afrique du Sud
23%
Cliquez sur la moitié manquante Afghanistan
23%
Cliquez sur la moitié manquante Iran
19%
Cliquez sur la moitié manquante RD Congo
19%
Cliquez sur la moitié manquante Belgique
19%
Cliquez sur la moitié manquante Nigeria
15%
Cliquez sur la moitié manquante Estonie
13%
Aucun quiz correspondant
Distribution des résultats
% des personnes avec chaque résultat
Percentile par nombre de réponses
Votre historique - résultats
Vous n’avez pas pris ce quiz